Central Library OPAC University of Rajshahi

Investment timing, (Record no. 16007)

MARC details
000 -LEADER
fixed length control field 00820nam a22002652a 4500
001 - CONTROL NUMBER
control field 16007
003 - CONTROL NUMBER IDENTIFIER
rucl marc code BD-RjUL
005 - DATE AND TIME OF LATEST TRANSACTION
control field 20211208235930.0
008 - FIXED-LENGTH DATA ELEMENTS--GENERAL INFORMATION
fixed length control field 140211s1953 nyua 000 0 eng d
035 ## - SYSTEM CONTROL NUMBER
System control number (BD-RjUL)16062
040 ## - CATALOGING SOURCE
Original cataloging agency DLC
Transcribing agency CIN
Modifying agency SER
-- EQO
-- BD-RjUL
Language of cataloging eng
041 ## - LANGUAGE CODE
Language code of text/sound track or separate title eng
082 ## - DEWEY DECIMAL CLASSIFICATION NUMBER
Classification number 332.67
Author mark and year COI
100 1# - MAIN ENTRY--PERSONAL NAME
Personal name Cottle, Sidney.
9 (RLIN) 49578
245 10 - TITLE STATEMENT
Title Investment timing,
Remainder of title the formula plan approach /
Statement of responsibility, etc. C. Sidney Cottle [and] W. Tate Whitman
260 ## - PUBLICATION, DISTRIBUTION, ETC. (IMPRINT)
Place of publication, distribution, etc. New York :
Name of publisher, distributor, etc. McGraw-Hill,
Date of publication, distribution, etc. 1953.
300 ## - PHYSICAL DESCRIPTION
Pagination 200 p. :
Illustrations illus. ;
Size 24 cm
504 ## - BIBLIOGRAPHY, ETC. NOTE
Bibliography, etc Includes index.
650 #0 - SUBJECT ADDED ENTRY--TOPICAL TERM
Topical term or geographic name as entry element Investments
Geographic subdivision United States
9 (RLIN) 49579
Topical term or geographic name as entry element Stocks
Geographic subdivision United States
9 (RLIN) 14539
Topical term or geographic name as entry element Business cycles
9 (RLIN) 49580
700 1# - ADDED ENTRY--PERSONAL NAME
Personal name Whitman, W. Tate
Fuller form of name (William Tate),
Dates associated with a name 1909-
942 ## - ADDED ENTRY ELEMENTS (KOHA)
Source of classification or shelving scheme Dewey Decimal Classification
Koha item type Books
Holdings
Lost status Source of classification or shelving scheme Damaged status Not for loan Collection code Permanent Location Current Location Shelving location Date acquired Source of acquisition Cost, normal purchase price Total Checkouts Full call number Date last seen Copy number Koha item type
  Dewey Decimal Classification   Not For Loan Non-fiction Central Library, University of Rajshahi Central Library, University of Rajshahi Reading Room 13/10/1955 Aligarh Library 26.40   332.67 COI 1953 11/02/2014 C-1 Books